Statistics for They''ll Never Stop The Simpsons Lyrics

Click here to take the quiz!

General Stats

  • This quiz has been taken 3 times
  • The average score is 10 of 25

Answer Stats

HintAnswer% Correct
Maggie blows _____ awayBurns
100%
What else do I have to ___?!say
100%
They'll never stop The ________!Simpsons
100%
Sorry for the ____ show,clip
67%
Home worries Bart is ___gay
67%
Maybe ___ gets a cell phone,Moe
67%
Mr. ____, Homer spacePlow
67%
Sideshow Bob steps on _____rakes
67%
Have no fear, we've got _______ for years!stories
67%
Have no fear, we've got _______ for years, likestories
67%
Marge not proud, Homer ______chubby
33%
Bart in well, ________ failsFlander's
33%
Marge murmurs, _____ croaksMaude
33%
Whacking snakes, ________Monorail
33%
Marge becomes a _____.robot
33%
Lisa's future, _____ hubbySelma's
33%
Where _________ happens and doo doo doo doo.something
33%
Or, how 'bout a crazy _______?wedding
33%
Has Bart ever owned a ____?bear
0%
Octuplets, and Bart's _______boyband
0%
Marge's fling, Homer's ___Bro
0%
Ullman shorts, _________ showChristmas
0%
Hippies, Vegas, and _____Japan
0%
Lisa Buddhist, Homer _____tokes
0%
Poochie, __, NRAU2
0%

Score Distribution

Percentile by Number Answered

Percent of People with Each Score

Your Score History

You have not taken this quiz